हिंदी साहित्य : समकालीन संदर्भ/ (Record no. 199079)
[ view plain ]
| 000 -LEADER | |
|---|---|
| fixed length control field | 00786nam a22001937a 4500 |
| 005 - DATE AND TIME OF LATEST TRANSACTION | |
| control field | 20231117142130.0 |
| 010 ## - LCCN (DPL NO) | |
| LC control number | HIN-126314 |
| 020 ## - INTERNATIONAL STANDARD BOOK NUMBER | |
| International Standard Book Number | 9789383894116 |
| Terms of availability | 400.00 |
| 035 ## - SYSTEM CONTROL NUMBER | |
| System control number | HN-98660 |
| 037 ## - SOURCE OF ACQUISITION | |
| Source of stock number/acquisition | DBAD/PUB |
| 082 ## - DEWEY DECIMAL CLASSIFICATION NUMBER | |
| Classification number | 820.08 |
| 100 ## - MAIN ENTRY--PERSONAL NAME | |
| Personal name | तिवारी,अनुपमा |
| 245 ## - TITLE STATEMENT | |
| Title | हिंदी साहित्य : समकालीन संदर्भ/ |
| Statement of responsibility, etc | अनुपमा तिवारी |
| 260 ## - PUBLICATION, DISTRIBUTION, ETC. (IMPRINT) | |
| Place of publication, distribution, etc | नई दिल्ली |
| Name of publisher, distributor, etc | हिंदी बुक सेंटर |
| Date of publication, distribution, etc | 2021 |
| 270 ## - ADDRESS | |
| Address | 4/5-बी आसफ अली रोड |
| City | नई दिल्ली |
| Postal code | 110002 |
| 300 ## - PHYSICAL DESCRIPTION | |
| Extent | 188 पृष्ट |
| Dimensions | 23cm (सजिल्द) |
| 760 ## - MAIN SERIES ENTRY | |
| Edition | प्रथम |
| 942 ## - ADDED ENTRY ELEMENTS (KOHA) | |
| Item type | Hindi Books |
| Classification part | 820.08 |
| Source of classification or shelving scheme | Dewey Decimal Classification |
| Call number suffix | तिवारी |
| Withdrawn status | Lost status | Not for loan | Collection code | Home library | Current library | Date acquired | Source of acquisition | Cost, normal purchase price | Full call number | Barcode | Copy number | Cost, replacement price | Koha item type |
|---|---|---|---|---|---|---|---|---|---|---|---|---|---|
| Non-fiction | Bawana | Bawana | 14/11/2023 | DBAD/PUB | 400.00 | 820.08 तिवारी | hn-98660 | 1 | 400.00 | Hindi Books |
